Statistics for Hunger Games Trilogy Character Surnames

Click here to take the quiz!

General Stats

  • This quiz has been taken 1,103 times
    (988 since last reset)
  • The average score is 15 of 21

Answer Stats

HintAnswer% Correct
Katniss | PrimroseEverdeen
100%
PeetaMellark
94%
EffieTrinket
89%
FinnickOdair
87%
GaleHawthorne
82%
SenecaCrane
81%
CoriolanusSnow
81%
CaesarFlickerman
80%
JohannaMason
80%
HaymitchAbernathy
79%
HazelleHawthorne
79%
PlutarchHeavensbee
71%
AlmaCoin
66%
MadgeUndersee
57%
ClaudiusTemplesmith
55%
AnnieCresta
53%
MaysileeDonner
51%
DellyCartwright
46%
RomulusThread
44%
FulviaCardew
24%

Score Distribution

Percentile by Number Answered

Percent of People with Each Score

Your Score History

You have not taken this quiz since the last reset